Kto Był Na Boisku FC Barcelona 5-1 Real 2018 - Statystyki

Ogólne statystyki
  • Ten quiz został rozwiązany 1 028 razy
  • Średni wynik to 17 z 30
Statystyki odpowiedzi
Pozycja Nazwisko % Poprawnych
Bramkarz Ter-Stegen
95%
ŚO Pique
90%
N Suarez
89%
LO Alba
87%
N Benzema
74%
ŚP Busquets
73%
ŚO Ramos
73%
ŚP Modrić
71%
LO Marcelo
69%
PO Roberto
67%
ŚP Rakitić
63%
PS Bale
62%
ŚP Kroos
62%
ŚP Casemiro
60%
Rezerwowy Dembele
60%
ŚO Varane
60%
ŚO Lenglet
59%
Bramkarz Courtois
58%
Trener Valverde
57%
LS Coutinho
52%
Rezerwowy Vidal
46%
Rezerwowy Asensio
40%
PO Nacho
34%
ŚP Arthur
32%
Trener Lopetegui
29%
Rezerwowy Semedo
29%
LS Isco
28%
Rezerwowy Vazquez
27%
Rezerwowy Mariano
19%
PS Rafinha
17%
Nie znaleziono quizów pasujących do podanych kryteriów
Rozkład punktacji
Procent ludzi z każdym wynikiem
Percentyl według liczby udzielonych odpowiedzi
Twoja historia wyników
Nie rozwiązałeś tego quizu